<?xml version="1.0" encoding="UTF-8"?>
<record
    xmlns:xsi="http://www.w3.org/2001/XMLSchema-instance"
    xsi:schemaLocation="http://www.loc.gov/MARC21/slim http://www.loc.gov/standards/marcxml/schema/MARC21slim.xsd"
    xmlns="http://www.loc.gov/MARC21/slim">

  <leader>02189nim a2200301 i 4500</leader>
  <controlfield tag="003">CO-BoRNBP</controlfield>
  <controlfield tag="005">20230309124448.0</controlfield>
  <controlfield tag="007">cd aa aaaaa</controlfield>
  <controlfield tag="008">160713s2015    ck     gs           spa d</controlfield>
  <datafield tag="040" ind1=" " ind2=" ">
    <subfield code="a">CO-BoRNBP</subfield>
    <subfield code="b">spa</subfield>
    <subfield code="e">rda</subfield>
    <subfield code="c">CO-BoRNBP</subfield>
  </datafield>
  <datafield tag="041" ind1=" " ind2=" ">
    <subfield code="a">spa</subfield>
  </datafield>
  <datafield tag="043" ind1=" " ind2=" ">
    <subfield code="a">s-ck---</subfield>
  </datafield>
  <datafield tag="082" ind1="0" ind2="4">
    <subfield code="a">303.6098</subfield>
    <subfield code="b">S27s</subfield>
    <subfield code="2">23</subfield>
  </datafield>
  <datafield tag="245" ind1="0" ind2="1">
    <subfield code="a">Serie DDR del CNMH </subfield>
    <subfield code="b">desmovilizaci&#xF3;n, desarme y reintegraci&#xF3;n</subfield>
    <subfield code="c">Centro Nacional de Memoria Hist&#xF3;rica</subfield>
  </datafield>
  <datafield tag="250" ind1=" " ind2=" ">
    <subfield code="a">Primera edici&#xF3;n</subfield>
  </datafield>
  <datafield tag="264" ind1=" " ind2="1">
    <subfield code="a">Bogot&#xE1;, Colombia</subfield>
    <subfield code="b">Centro Nacional de Memoria Hist&#xF3;rica </subfield>
    <subfield code="c">2015</subfield>
  </datafield>
  <datafield tag="300" ind1=" " ind2=" ">
    <subfield code="a">1 CD (936 MB)</subfield>
  </datafield>
  <datafield tag="336" ind1=" " ind2=" ">
    <subfield code="a">palabra hablada</subfield>
    <subfield code="b">spw</subfield>
    <subfield code="2">rdacontenido</subfield>
  </datafield>
  <datafield tag="337" ind1=" " ind2=" ">
    <subfield code="a">audio</subfield>
    <subfield code="b">s</subfield>
    <subfield code="2">rdamedio</subfield>
  </datafield>
  <datafield tag="338" ind1=" " ind2=" ">
    <subfield code="a">disco sonoro</subfield>
    <subfield code="b">sd</subfield>
    <subfield code="2">rdasoporte</subfield>
  </datafield>
  <datafield tag="500" ind1=" " ind2=" ">
    <subfield code="a">La siguiente serie contiene libros en formato PDF, videos en formato MP4 y audios en formato MP3</subfield>
  </datafield>
  <datafield tag="505" ind1="0" ind2=" ">
    <subfield code="t">Rearmados y reintegrados. Panorama posacuerdos de las AUC. (Archivo PDF)</subfield>
    <subfield code="t">Desmovilizaci&#xF3;n y reintegraci&#xF3;n paramilitar. Panorama posacuerdos de las AUC. (Archivo PDF)</subfield>
    <subfield code="t">Desaf&#xED;os de la reintegraci&#xF3;n. Enfoques de g&#xE9;nero, edad y etnia. (Archivo PDF)</subfield>
    <subfield code="t">Nuevos escenarios del conflicto armado y violencia. Regi&#xF3;n Caribe, departamento de Antioquia y departamento de Choc&#xF3;. (Archivo PDF)</subfield>
    <subfield code="t">Nuevos escenarios de conflicto armado y violencia. Nororiente y Magdalena Medio, Llanos Orientales, Suroccidente y Bogot&#xE1; D.C. (Archivo PDF)</subfield>
    <subfield code="t">Infograf&#xED;a animada. Nuevos escenarios del conflicto armado y violencia. (Video)</subfield>
    <subfield code="r">Producci&#xF3;n Dieciseis9</subfield>
    <subfield code="t">Infograf&#xED;a animada. Desmovilizaci&#xF3;n y reintegraci&#xF3;n paramilitar. Panorama posacuerdos de las AUC. (Video)</subfield>
    <subfield code="r">Producci&#xF3;n Dieciseis9</subfield>
    <subfield code="t">&#xBF;Qu&#xE9; pas&#xF3; despu&#xE9;s de las desmovilizaciones de las AUC?: Microprograma radial 1. (Audio)</subfield>
    <subfield code="t">&#xBF;Qu&#xE9; pas&#xF3; despu&#xE9;s de las desmovilizaciones de las AUC?: Microprograma radial 2 (Audio)</subfield>
    <subfield code="t">&#xBF;Qu&#xE9; pas&#xF3; despu&#xE9;s de las desmovilizaciones de las AUC?: Microprograma radial 3 (Audio)</subfield>
  </datafield>
  <datafield tag="650" ind1="1" ind2="7">
    <subfield code="a">Conflicto armado</subfield>
    <subfield code="x">Investigaciones</subfield>
    <subfield code="z">Colombia</subfield>
    <subfield code="v">Videodiscos </subfield>
    <subfield code="2">ARMARC</subfield>
    <subfield code="9">106</subfield>
  </datafield>
  <datafield tag="650" ind1="1" ind2="7">
    <subfield code="a">Proceso de paz</subfield>
    <subfield code="z">Colombia</subfield>
    <subfield code="v">Videodiscos </subfield>
    <subfield code="2">ARMARC</subfield>
    <subfield code="9">107</subfield>
  </datafield>
  <datafield tag="650" ind1="1" ind2="7">
    <subfield code="a">Paramilitares</subfield>
    <subfield code="x">Historia</subfield>
    <subfield code="z">Colombia</subfield>
    <subfield code="v">Videodiscos </subfield>
    <subfield code="2">ARMARC</subfield>
    <subfield code="9">108</subfield>
  </datafield>
  <datafield tag="710" ind1="1" ind2=" ">
    <subfield code="a">Centro Nacional de Memoria Hist&#xF3;rica</subfield>
    <subfield code="9">109</subfield>
  </datafield>
  <datafield tag="942" ind1=" " ind2=" ">
    <subfield code="2">ddc</subfield>
    <subfield code="c">CD</subfield>
  </datafield>
  <datafield tag="999" ind1=" " ind2=" ">
    <subfield code="c">9205</subfield>
    <subfield code="d">9205</subfield>
  </datafield>
  <datafield tag="952" ind1=" " ind2=" ">
    <subfield code="0">0</subfield>
    <subfield code="1">0</subfield>
    <subfield code="2">ddc</subfield>
    <subfield code="4">0</subfield>
    <subfield code="7">0</subfield>
    <subfield code="8">GEN</subfield>
    <subfield code="a">MEGUAMAL</subfield>
    <subfield code="b">MEGUAMAL</subfield>
    <subfield code="c">GEN</subfield>
    <subfield code="d">2023-03-09</subfield>
    <subfield code="l">0</subfield>
    <subfield code="o">303.6098  S27s</subfield>
    <subfield code="p">GUA002085</subfield>
    <subfield code="r">2023-03-09 00:00:00</subfield>
    <subfield code="t">Ej.1</subfield>
    <subfield code="w">2023-03-09</subfield>
    <subfield code="y">BK</subfield>
  </datafield>
</record>
